La papa, tesoro de Los Andes: de la agricultura a la cultura
Guardado en:
| Autor principal: | |
|---|---|
| Formato: | Libro |
| Lenguaje: | español |
| Publicado: |
Lima
Centro Internacional de la Papa
2000
|
| Materias: | |
| Etiquetas: |
Agregar Etiqueta
Sin Etiquetas, Sea el primero en etiquetar este registro!
|
MARC
| LEADER | 00000nam a2200000 a 4500 | ||
|---|---|---|---|
| 001 | UCN9394 | ||
| 003 | CL-VaPUC | ||
| 008 | 011130e20000000PE |||||||||||||||||spa|d | ||
| 082 | 0 | 4 | |a 635.21 |b GRA |2 21 |
| 100 | 0 | |a Graves, Christine |e author |9 465998 | |
| 245 | 1 | 3 | |a La papa, tesoro de Los Andes: de la agricultura a la cultura |
| 300 | |a 210 p | ||
| 942 | |c BK | ||
| 945 | |d 20011130 00:00:00 |a crobeson | ||
| 260 | |a Lima |b Centro Internacional de la Papa |c 2000 | ||
| 650 | 7 | |a PAPA - TUBERCULOS |2 CL-VaPUC |9 465999 | |
| 650 | 0 | |a Agricultura altiplánica |9 460337 | |
| 583 | |a last modification |c 20011130 00:00:00 |k Rodrigo Vera | ||
| 999 | |c 298832 |d 298830 | ||
| 952 | |0 0 |1 0 |4 0 |6 635_210000000000000_GRA_2000 |7 0 |8 X |9 354773 |a FDOMLP |b FDOMLP |d 2019-11-21 |i 3752720 |o 635.21 GRA 2000 |p 3752720 |r 2019-11-21 |w 2019-11-21 |y BK_X |k BU2 | ||